| 000 | 00902nam a22001697a 4500 | ||
|---|---|---|---|
| 003 | OSt | ||
| 005 | 20251117094429.0 | ||
| 008 | 251117b |||||||| |||| 00| 0 eng d | ||
| 040 | _cDCL | ||
| 082 | _a၂၉၄.၃၈၂၂ | ||
| 130 |
_aတိပိဋက။ _pဝိနယပိဋက။ _tဝိနယသင်္ဂဟ၊ _lအဋ္ဌကထာ၊ _sနိဿယ။ |
||
| 245 |
_aဝိနယသင်္ဂဟအဋ္ဌကထာ နိဿယ၊ _bပထမတွဲ / _cအရှင်ပဏ္ဍိတာမထေရ်။ |
||
| 264 |
_aမန္တလေး ၊ _bပဒေသာပိဋကတ်စာပေ၊ _c[ခုနှစ်မပါ]။ |
||
| 300 |
_a၅၅၂ စာမျက်နှာ ၊ _c၂၅ စင်တီ။ |
||
| 650 |
_aဝိနယပိဋက _vဝိနယသင်္ဂဟာ အဋ္ဌကထာနိဿယ။ |
||
| 942 |
_2ddc _cSHORT TERM _n0 |
||
| 999 |
_c2491 _d2491 |
||